| 000 | 01122nam a2200325Ia 4500 | ||
|---|---|---|---|
| 999 |
_c200429137 _d47061 |
||
| 001 | 21573158 | ||
| 003 | TR-AnTOB | ||
| 005 | 20241118151359.0 | ||
| 008 | 900522s1981 tu b 00 0 tur d | ||
| 040 |
_aCLU _cTR-AnTOB _dBGZ _beng _erda |
||
| 041 | 0 | 0 | _atur |
| 043 | _aa-tu--- | ||
| 049 | _aBGZA | ||
| 050 | _aDR576 | ||
| 090 |
_aDR576 _b.A43 1981 |
||
| 100 | 1 |
_aAkçura, Yusuf, _d1876-1935 _949998 |
|
| 245 | 1 | 0 |
_aYeni Türk devletinin öncüleri : _b1928 yılı yazıları / _cYusuf Akçura ; basıma hazırlayan Nejat Sefercioğlu. |
| 264 |
_aAnkara : _bKültür Bakanlığı, _c1981. |
||
| 300 |
_axvi, 212 p. ; _c20 cm. |
||
| 336 |
_2rdacontent _atext _btxt |
||
| 337 |
_2 rdamedia _aunmediated _bn |
||
| 338 |
_2rdacarrier _avolume _bnc |
||
| 490 | 0 |
_aKültür Bakanlığı Yayınları ; _v421 _aDoğumunun 100. Yılında Atatürk Yayınları ; _v30 |
|
| 504 | _aIncludes bibliographical references. | ||
| 650 | 0 |
_aMilliyetçilik _zTürkiye _xTarih _950000 |
|
| 650 | 0 |
_aNationalism _zTurkey _xHistory _9103882 |
|
| 700 | 1 |
_aSefercioğlu, Nejat _949999 |
|
| 942 |
_2lcc _cBK |
||